[Event "MCRE_KT23"]
[Site "?"]
[Date "2006.??.??"]
[Round "?"]
[White "Tyrlik, Jaroslav"]
[Black "Fric, Pavel"]
[Result "0-1"]
[WhiteElo "2076"]
[BlackElo "2146"]
[PlyCount "46"]
[EventDate "2006.??.??"]
[EventType "corr"]
[EventRounds "2"]
[SourceDate "2006.08.10"]

1. d4 d5 2. Nf3 e6 3. e3 c5 4. c4 Nf6 5. cxd5 exd5 6. Be2 Nc6 7. O-O cxd4 8.
exd4 Bd6 9. Bg5 h6 10. Bh4 O-O 11. Nc3 g5 12. Bg3 Bg4 13. Ne5 Bxe2 14. Nxe2
Bxe5 15. dxe5 Ne4 16. Nc3 Nxg3 17. fxg3 d4 18. Ne4 Nxe5 19. Nf6+ Kg7 20. Qe2
Nd7 21. Nd5 Qa5 22. Qe4 Qc5 23. Qh7+ Kxh7 0-1

[Event "MCRE_KT23"]
[Site "?"]
[Date "2006.??.??"]
[Round "?"]
[White "Tyrlik, Jaroslav"]
[Black "Mindl, Josef"]
[Result "1/2-1/2"]
[WhiteElo "2076"]
[BlackElo "1925"]
[PlyCount "36"]
[EventDate "2006.??.??"]
[EventType "corr"]
[EventRounds "2"]
[SourceDate "2006.08.10"]

1. d4 Nf6 2. Nf3 g6 3. c4 Bg7 4. Nc3 d5 5. Bf4 O-O 6. e3 c5 7. dxc5 Qa5 8. Rc1
dxc4 9. Bxc4 Qxc5 10. Nb5 Be6 11. O-O Bxc4 12. Nc7 Na6 13. Nxa6 Qd5 14. Nc7
Qxd1 15. Rfxd1 Rad8 16. Rxd8 Rxd8 17. h3 Be2 18. Nd4 Bd3 1/2-1/2

[Event "MCRE_KT23"]
[Site "?"]
[Date "2006.??.??"]
[Round "?"]
[White "Mindl, Josef"]
[Black "Kyhos, Richard"]
[Result "1-0"]
[WhiteElo "1925"]
[BlackElo "1951"]
[PlyCount "33"]
[EventDate "2006.??.??"]
[EventType "corr"]
[EventRounds "2"]
[SourceDate "2006.08.10"]

1. e4 e5 2. Nf3 Nc6 3. Bb5 a6 4. Ba4 Nf6 5. O-O Nxe4 6. d4 b5 7. Bb3 d5 8. dxe5
Be6 9. Nbd2 Nc5 10. c3 d4 11. Bxe6 Nxe6 12. cxd4 Ncxd4 13. a4 Be7 14. Nxd4 Nxd4
15. Ne4 O-O 16. axb5 axb5 17. Rxa8 1-0

[Event "MCRE_KT23"]
[Site "?"]
[Date "2006.??.??"]
[Round "?"]
[White "Fric, Pavel"]
[Black "Tyrlik, Jaroslav"]
[Result "1/2-1/2"]
[WhiteElo "2146"]
[BlackElo "2076"]
[PlyCount "67"]
[EventDate "2006.??.??"]
[EventType "corr"]
[EventRounds "2"]
[SourceDate "2006.08.10"]

1. e4 e5 2. Nf3 Nc6 3. Bb5 a6 4. Ba4 Nf6 5. O-O Nxe4 6. d4 b5 7. Bb3 d5 8. dxe5
Be6 9. Be3 Be7 10. c3 Qd7 11. Nbd2 f5 12. Nd4 Nxd4 13. cxd4 O-O 14. Nxe4 fxe4
15. f3 exf3 16. Rxf3 Rxf3 17. Qxf3 Rf8 18. Qg3 a5 19. Rc1 a4 20. Bd1 Rc8 21.
Bf2 Bf5 22. Be2 c6 23. h4 Qe6 24. h5 Rf8 25. Be3 h6 26. Kh2 a3 27. b3 Kh8 28.
Bf3 Bb4 29. Kg1 Kg8 30. Be2 Rf7 31. Qh4 Be7 32. Qe1 b4 33. Qg3 Bd8 34. Bf3
1/2-1/2

[Event "MCRE_KT23"]
[Site "?"]
[Date "2006.??.??"]
[Round "?"]
[White "Fric, Pavel"]
[Black "Mindl, Josef"]
[Result "1/2-1/2"]
[WhiteElo "2146"]
[BlackElo "1925"]
[PlyCount "66"]
[EventDate "2006.??.??"]
[EventType "corr"]
[EventRounds "2"]
[SourceDate "2006.08.10"]

1. d4 Nf6 2. c4 g6 3. Nc3 d5 4. Nf3 Bg7 5. Qb3 dxc4 6. Qxc4 O-O 7. e4 Na6 8.
Be2 c5 9. d5 e6 10. Bg5 exd5 11. Nxd5 Be6 12. O-O-O Bxd5 13. Rxd5 Qb6 14. Bxf6
Qxf6 15. e5 Qf5 16. Bd3 Qc8 17. Rd6 Qc7 18. Re1 Bxe5 19. Rxg6+ hxg6 20. Rxe5 b5
21. Qg4 Kg7 22. Bxg6 fxg6 23. Qe4 Qd6 24. Re7+ Kg8 25. Re6 Qf4+ 26. Qxf4 Rxf4
27. Rxg6+ Kf8 28. Rxa6 Re8 29. Rd6 Re2 30. Rd2 Rxd2 31. Kxd2 a5 32. Kc3 Kg7 33.
a3 a4 1/2-1/2

[Event "MCRE_KT23"]
[Site "?"]
[Date "2006.??.??"]
[Round "?"]
[White "Mindl, Josef"]
[Black "Fric, Pavel"]
[Result "1/2-1/2"]
[WhiteElo "1925"]
[BlackElo "2146"]
[PlyCount "61"]
[EventDate "2006.??.??"]
[EventType "corr"]
[EventRounds "2"]
[SourceDate "2006.08.10"]

1. e4 c5 2. Nf3 d6 3. d4 cxd4 4. Nxd4 Nf6 5. Nc3 a6 6. Be3 e5 7. Nb3 Be6 8. f3
Be7 9. Qd2 O-O 10. O-O-O Nbd7 11. g4 Qc7 12. Kb1 Rfc8 13. Qf2 b5 14. g5 Nh5 15.
h4 b4 16. Nd5 Bxd5 17. Rxd5 a5 18. Bh3 a4 19. Nc1 g6 20. Rhd1 Bf8 21. Bg4 Ng7
22. f4 a3 23. Bxd7 Qxd7 24. b3 exf4 25. Bxf4 Ne8 26. h5 Nc7 27. R5d3 Qc6 28.
hxg6 fxg6 29. Bxd6 Bxd6 30. Rxd6 Qc3 31. Ne2 1/2-1/2

[Event "MCRE_KT23"]
[Site "?"]
[Date "2006.??.??"]
[Round "?"]
[White "Mindl, Josef"]
[Black "Tyrlik, Jaroslav"]
[Result "1-0"]
[WhiteElo "1925"]
[BlackElo "2076"]
[PlyCount "75"]
[EventDate "2006.??.??"]
[EventType "corr"]
[EventRounds "2"]
[SourceDate "2006.08.10"]

1. e4 e6 2. d4 d5 3. Nd2 c5 4. exd5 Qxd5 5. Ngf3 cxd4 6. Bc4 Qd6 7. O-O Nc6 8.
Ne4 Qd8 9. Qe2 Be7 10. Rd1 e5 11. h3 Qc7 12. c3 dxc3 13. Nxc3 Nf6 14. Nb5 Qb8
15. Ng5 Rf8 16. f4 a6 17. fxe5 axb5 18. exf6 gxf6 19. Ne4 Qe5 20. Rd5 bxc4 21.
Rxe5 fxe5 22. Bg5 f5 23. Qh5+ Rf7 24. Bxe7 fxe4 25. Bc5 Be6 26. Rf1 Ra5 27. Qh6
Rxf1+ 28. Kxf1 Rxc5 29. Qxe6+ Ne7 30. Qb6 Rd5 31. Qxb7 h5 32. Qa6 e3 33. Qxc4
Rd1+ 34. Ke2 Rd2+ 35. Kxe3 Rxb2 36. a4 Kd7 37. Kf3 Nc6 38. Qf7+ 1-0

[Event "MCRE_KT23"]
[Site "?"]
[Date "2006.??.??"]
[Round "?"]
[White "Kyhos, Richard"]
[Black "Tyrlik, Jaroslav"]
[Result "1/2-1/2"]
[WhiteElo "1951"]
[BlackElo "2076"]
[PlyCount "60"]
[EventDate "2006.??.??"]
[EventType "corr"]
[EventRounds "2"]
[SourceDate "2006.08.10"]

1. d4 d5 2. c4 e6 3. Nc3 Nf6 4. Bf4 dxc4 5. e3 Nd5 6. Bxc4 Nxf4 7. exf4 Bd6 8.
Qf3 c6 9. Nge2 Nd7 10. O-O Qh4 11. Ne4 Be7 12. Rfe1 O-O 13. Rad1 Nb6 14. Bb3 a5
15. Bc2 Rd8 16. N2c3 Qh6 17. f5 exf5 18. Ng3 Bd6 19. Bxf5 Bxf5 20. Qxf5 a4 21.
d5 Bxg3 22. hxg3 Nxd5 23. Nxd5 Rxd5 24. Rxd5 cxd5 25. Qxd5 Qc6 26. Qxc6 bxc6
27. Kf1 Rb8 28. Re4 h6 29. Rxa4 Rxb2 30. Ra6 c5 1/2-1/2

[Event "MCRE_KT23"]
[Site "?"]
[Date "2006.??.??"]
[Round "?"]
[White "Chlubna, Josef"]
[Black "Tyrlik, Jaroslav"]
[Result "0-1"]
[WhiteElo "1646"]
[BlackElo "2076"]
[PlyCount "40"]
[EventDate "2006.??.??"]
[EventType "corr"]
[EventRounds "2"]
[SourceDate "2006.08.10"]

1. e4 e6 2. d4 d5 3. Nc3 Nf6 4. e5 Nfd7 5. f4 c5 6. Nf3 Nc6 7. a3 cxd4 8. Nxd4
Ndxe5 9. Bb5 Bd7 10. fxe5 Qh4+ 11. g3 Qxd4 12. Qxd4 Nxd4 13. Bxd7+ Kxd7 14. Rf1
Nxc2+ 15. Ke2 Nxa1 16. Be3 Nb3 17. Rxf7+ Kc6 18. Rf4 g5 19. Rg4 h5 20. h4 hxg4
0-1

[Event "MCRE_KT23"]
[Site "?"]
[Date "2006.??.??"]
[Round "?"]
[White "Tyrlik, Jaroslav"]
[Black "Chlubna, Josef"]
[Result "1-0"]
[WhiteElo "2076"]
[BlackElo "1646"]
[PlyCount "41"]
[EventDate "2006.??.??"]
[EventType "corr"]
[EventRounds "2"]
[SourceDate "2006.08.10"]

1. d4 d5 2. Bf4 Nf6 3. e3 e6 4. Nf3 c5 5. c3 Nc6 6. Nbd2 Bd6 7. Bxd6 Qxd6 8.
Bb5 O-O 9. Bxc6 Qxc6 10. O-O h6 11. Ne5 Qd6 12. Re1 Nd7 13. Qh5 b6 14. Ndf3
Nxe5 15. Nxe5 Qd7 16. Nxd7 Bxd7 17. dxc5 bxc5 18. b3 a5 19. c4 Bc6 20. cxd5
Bxd5 21. e4 1-0

[Event "MCRE_KT23"]
[Site "?"]
[Date "2006.??.??"]
[Round "?"]
[White "Fric, Pavel"]
[Black "Chlubna, Josef"]
[Result "1-0"]
[WhiteElo "2146"]
[BlackElo "1646"]
[PlyCount "41"]
[EventDate "2006.??.??"]
[EventType "corr"]
[EventRounds "2"]
[SourceDate "2006.08.10"]

1. d4 d5 2. c4 e6 3. Nc3 Be7 4. cxd5 exd5 5. Bf4 Nf6 6. e3 Bf5 7. Nge2 h6 8.
Ng3 Be6 9. Qb3 b6 10. Nb5 Bd6 11. Bxd6 cxd6 12. Rc1 Na6 13. Qa4 Bc8 14. Nc7+
Ke7 15. Nxa8 Bb7 16. Nf5+ Ke6 17. Bxa6 Qxa8 18. Rc7 Kxf5 19. Bd3+ Ke6 20. g4 g6
21. f4 1-0

[Event "MCRE_KT23"]
[Site "?"]
[Date "2006.??.??"]
[Round "?"]
[White "Chlubna, Josef"]
[Black "Fric, Pavel"]
[Result "0-1"]
[WhiteElo "1646"]
[BlackElo "2146"]
[PlyCount "46"]
[EventDate "2006.??.??"]
[EventType "corr"]
[EventRounds "2"]
[SourceDate "2006.08.10"]

1. e4 c5 2. Nf3 e6 3. d4 cxd4 4. Nxd4 a6 5. Bd3 Bc5 6. Be2 Ne7 7. c3 Nbc6 8.
Be3 Bxd4 9. Bxd4 O-O 10. O-O d5 11. exd5 Nxd5 12. Qd3 Nf4 13. Qd2 e5 14. Bxe5
Qxd2 15. Nxd2 Nxe2+ 16. Kh1 Rd8 17. Nf3 Bg4 18. h3 Bxf3 19. gxf3 Nxe5 20. Rfe1
Rd2 21. Kg2 Nd3 22. Red1 Nef4+ 23. Kg3 Rxb2 0-1

[Event "MCRE_KT23"]
[Site "?"]
[Date "2006.??.??"]
[Round "?"]
[White "Kyhos, Richard"]
[Black "Mindl, Josef"]
[Result "0-1"]
[WhiteElo "1951"]
[BlackElo "1925"]
[PlyCount "86"]
[EventDate "2006.??.??"]
[EventType "corr"]
[EventRounds "2"]
[SourceDate "2006.08.10"]

1. d4 Nf6 2. c4 g6 3. Nc3 d5 4. Bf4 Bg7 5. e3 c5 6. dxc5 Qa5 7. Rc1 dxc4 8.
Bxc4 O-O 9. Nge2 Qxc5 10. Qb3 Nc6 11. Nb5 Qh5 12. Ng3 Qh4 13. Nc7 Rb8 14. Bxf7+
Rxf7 15. Rxc6 bxc6 16. Qxb8 Rf8 17. Qb3+ Kh8 18. Be5 Ng4 19. Bxg7+ Kxg7 20.
Qc3+ Kg8 21. Qc4+ Rf7 22. Qxc6 Rxf2 23. Nd5 Rf8 24. Qc7 Re8 25. Qxa7 Qg5 26.
Nf4 Nxh2 27. Nfe2 Ng4 28. Ne4 Qxe3 29. Qxe3 Nxe3 30. Kf2 Ng4+ 31. Kg3 Rd8 32.
Rf1 Bf5 33. N2c3 h5 34. a4 Rd3+ 35. Kh4 Bxe4 36. Nxe4 Rd4 37. Rf4 e5 38. Rxg4
hxg4 39. Nc3 Rc4 40. a5 Rc5 41. Kxg4 Rxa5 42. Kf3 Kf7 43. Ke4 Ke6 0-1

[Event "MCRE_KT23"]
[Site "?"]
[Date "2006.??.??"]
[Round "?"]
[White "Fric, Pavel"]
[Black "Kyhos, Richard"]
[Result "1-0"]
[WhiteElo "2146"]
[BlackElo "1951"]
[PlyCount "87"]
[EventDate "2006.??.??"]
[EventType "corr"]
[EventRounds "2"]
[SourceDate "2006.08.10"]

1. e4 e5 2. Nf3 Nc6 3. d4 exd4 4. Nxd4 Bc5 5. Be3 Qf6 6. c3 Nge7 7. Bc4 Ne5 8.
Be2 Qg6 9. O-O d6 10. f3 O-O 11. Nd2 d5 12. f4 N5c6 13. Bh5 Qf6 14. N2b3 Bxd4
15. Bxd4 Nxd4 16. e5 Qh6 17. cxd4 a5 18. Rc1 c6 19. Nc5 Nf5 20. g4 g6 21. gxf5
gxh5 22. Qc2 Kh8 23. Kh1 b6 24. Na4 Rb8 25. Qxc6 Qxc6 26. Rxc6 Bd7 27. Rfc1 Rg8
28. Rf6 Bxa4 29. Rxf7 Rbf8 30. Rxf8 Rxf8 31. f6 Bd7 32. Rc7 Bf5 33. Rb7 Kg8 34.
Rxb6 Rc8 35. e6 h4 36. Kg2 Rc2+ 37. Kf3 Rc8 38. Rd6 Bxe6 39. Rxe6 Rc4 40. Kg4
Rxd4 41. Re2 Rb4 42. Kf5 a4 43. Re8+ Kf7 44. Re7+ 1-0

[Event "MCRE_KT23"]
[Site "?"]
[Date "2006.??.??"]
[Round "?"]
[White "Kyhos, Richard"]
[Black "Fric, Pavel"]
[Result "1-0"]
[WhiteElo "1951"]
[BlackElo "2146"]
[PlyCount "86"]
[EventDate "2006.??.??"]
[EventType "corr"]
[EventRounds "2"]
[SourceDate "2006.08.10"]

1. d4 d5 2. c4 e5 3. dxe5 d4 4. Nf3 Nc6 5. g3 f6 6. exf6 Nxf6 7. Bg2 Bf5 8. O-O
Qd7 9. Qb3 Bc5 10. Qb5 Bb6 11. Ne5 Nxe5 12. Qxe5+ Kf8 13. Qf4 Re8 14. Bxb7 Rxe2
15. Bf3 Re7 16. b4 c6 17. Bb2 Bd3 18. Rd1 Bxc4 19. Nd2 Bd5 20. Bxd5 Qxd5 21.
Rac1 Kf7 22. Nc4 g5 23. Nxb6 gxf4 24. Nxd5 Nxd5 25. Bxd4 Rd8 26. a3 Red7 27.
Rxc6 fxg3 28. Bc5 gxf2+ 29. Kxf2 Nf4 30. Rxd7+ Rxd7 31. Ra6 Nd3+ 32. Ke3 Nxc5
33. bxc5 Ke8 34. Ke4 Rf7 35. Rd6 Ke7 36. h4 Rf2 37. Ra6 Re2+ 38. Kd4 Rd2+ 39.
Ke5 Re2+ 40. Kf5 Rf2+ 41. Kg5 Rc2 42. Rxa7+ Ke8 43. Ra5 Kd7 1-0

[Event "MCRE_KT23"]
[Site "?"]
[Date "2006.??.??"]
[Round "?"]
[White "Mindl, Josef"]
[Black "Chlubna, Josef"]
[Result "1-0"]
[WhiteElo "1925"]
[BlackElo "1646"]
[PlyCount "43"]
[EventDate "2006.??.??"]
[EventType "corr"]
[EventRounds "2"]
[SourceDate "2006.08.10"]

1. d4 d5 2. c4 e6 3. Nc3 Be7 4. cxd5 exd5 5. Bf4 Nf6 6. e3 Bf5 7. Nge2 a6 8.
Ng3 Be6 9. Bd3 h6 10. Nf5 O-O 11. Qf3 Bb4 12. O-O Qd7 13. Be5 Be7 14. Bxf6 Bxf6
15. Nxh6+ gxh6 16. Qxf6 Re8 17. f4 Kf8 18. f5 Qc6 19. Qxh6+ Ke7 20. fxe6 Qxe6
21. Qg5+ f6 22. Rxf6 1-0

[Event "MCRE_KT23"]
[Site "?"]
[Date "2006.??.??"]
[Round "?"]
[White "Chlubna, Josef"]
[Black "Mindl, Josef"]
[Result "0-1"]
[WhiteElo "1646"]
[BlackElo "1925"]
[PlyCount "40"]
[EventDate "2006.??.??"]
[EventType "corr"]
[EventRounds "2"]
[SourceDate "2006.08.10"]

1. e4 e5 2. Nf3 Nc6 3. d4 exd4 4. Nxd4 Bc5 5. Nxc6 Qf6 6. Qd2 dxc6 7. Qf4 Be6
8. Qxf6 Nxf6 9. f3 O-O-O 10. Bg5 Bd4 11. c3 h6 12. Bxf6 Bxf6 13. Be2 Bg5 14.
Kf2 f5 15. h4 Be7 16. exf5 Bc5+ 17. Kg3 Bxf5 18. b4 Rhe8 19. Re1 Bb6 20. c4 Bd4
0-1

[Event "MCRE_KT23"]
[Site "?"]
[Date "2006.??.??"]
[Round "?"]
[White "Tyrlik, Jaroslav"]
[Black "Rotter, Walter"]
[Result "0-1"]
[WhiteElo "2076"]
[BlackElo "2016"]
[PlyCount "74"]
[EventDate "2006.??.??"]
[EventType "corr"]
[EventRounds "2"]
[SourceDate "2006.08.10"]

1. d4 Nf6 2. Nf3 d5 3. e3 c5 4. dxc5 e6 5. c4 Bxc5 6. cxd5 O-O 7. a3 Nxd5 8. b4
Bb6 9. Bb2 a5 10. b5 Qe7 11. Bd3 Nd7 12. Qc2 N7f6 13. O-O Bd7 14. Qa4 Rac8 15.
Qh4 h6 16. e4 Nc7 17. a4 Bc5 18. Nbd2 Bb4 19. Nc4 Na8 20. Rac1 Rfd8 21. Rfd1
Be8 22. e5 Nd5 23. Qe4 g6 24. Bd4 Bc5 25. Bxc5 Rxc5 26. Qd4 Qc7 27. Bf1 Nab6
28. Nfd2 Ne7 29. Nd6 Rxc1 30. Rxc1 Qxc1 31. Qxb6 Rb8 32. Qxa5 Nd5 33. N2c4 Nc3
34. g3 Qe1 35. Qb6 Nd1 36. Kg2 g5 37. Nxe8 Rxe8 0-1

[Event "MCRE_KT23"]
[Site "?"]
[Date "2006.??.??"]
[Round "?"]
[White "Rotter, Walter"]
[Black "Chlubna, Josef"]
[Result "1-0"]
[WhiteElo "2016"]
[BlackElo "1646"]
[PlyCount "37"]
[EventDate "2006.??.??"]
[EventType "corr"]
[EventRounds "2"]
[SourceDate "2006.08.10"]

1. d4 d5 2. c4 e6 3. Nf3 Nf6 4. Nc3 Be7 5. Qc2 Bb4 6. e3 b6 7. Qa4+ Nc6 8.
Qxc6+ Bd7 9. Qb7 Qc8 10. Qxc8+ Bxc8 11. cxd5 Nxd5 12. Bb5+ Bd7 13. Bxd7+ Kxd7
14. Bd2 Bd6 15. Nxd5 exd5 16. Bc3 f6 17. Rc1 a5 18. O-O g5 19. Ne1 1-0

[Event "MCRE_KT23"]
[Site "?"]
[Date "2006.??.??"]
[Round "?"]
[White "Chlubna, Josef"]
[Black "Rotter, Walter"]
[Result "0-1"]
[WhiteElo "1646"]
[BlackElo "2016"]
[PlyCount "36"]
[EventDate "2006.??.??"]
[EventType "corr"]
[EventRounds "2"]
[SourceDate "2006.08.10"]

1. e4 e5 2. Nf3 Nc6 3. d4 exd4 4. Nxd4 Qf6 5. Be3 Bc5 6. c3 Nge7 7. Qe2 Nxd4 8.
Bxd4 Bxd4 9. cxd4 Qxd4 10. Nc3 O-O 11. Nb5 Qb4+ 12. Nc3 d5 13. a3 Qd6 14. exd5
Nxd5 15. Nxd5 Qxd5 16. Qe3 Bg4 17. Qd3 Rfe8+ 18. Kd2 Qc5 0-1

[Event "MCRE_KT23"]
[Site "?"]
[Date "2006.??.??"]
[Round "?"]
[White "Fric, Pavel"]
[Black "Rotter, Walter"]
[Result "1-0"]
[WhiteElo "2146"]
[BlackElo "2016"]
[PlyCount "67"]
[EventDate "2006.??.??"]
[EventType "corr"]
[EventRounds "2"]
[SourceDate "2006.08.10"]

1. e4 e5 2. Nf3 Nf6 3. Nxe5 d6 4. Nf3 Nxe4 5. Nc3 Nxc3 6. dxc3 Be7 7. Be3 Nc6
8. Qd2 Bf5 9. O-O-O O-O 10. Bd3 Qd7 11. h3 a5 12. g4 Bxd3 13. Qxd3 a4 14. a3
Rfe8 15. Rhe1 Bf6 16. g5 Be7 17. Bf4 Ra5 18. h4 Qf5 19. Qe4 Qg4 20. Nd4 Nxd4
21. Rxd4 Raa8 22. Kb1 Qc8 23. Rxa4 Bf8 24. Qxe8 Qxe8 25. Rxe8 Rxa4 26. b4 b6
27. Kb2 Ra7 28. Kb3 f6 29. gxf6 Kf7 30. Rd8 gxf6 31. Rd7+ Kg6 32. Be3 Rb7 33.
a4 h5 34. Kc4 1-0

[Event "MCRE_KT23"]
[Site "?"]
[Date "2006.??.??"]
[Round "?"]
[White "Rotter, Walter"]
[Black "Fric, Pavel"]
[Result "0-1"]
[WhiteElo "2016"]
[BlackElo "2146"]
[PlyCount "70"]
[EventDate "2006.??.??"]
[EventType "corr"]
[EventRounds "2"]
[SourceDate "2006.08.10"]

1. d4 d5 2. c4 e5 3. dxe5 d4 4. Nf3 Nc6 5. a3 Nge7 6. e3 Bg4 7. Be2 Bxf3 8.
Bxf3 dxe3 9. Qxd8+ Rxd8 10. Bxe3 Nxe5 11. Bxb7 Nxc4 12. Bxa7 c6 13. Ba6 Nxb2
14. O-O Na4 15. Be3 Nd5 16. Bb7 Rd6 17. Bd4 Kd7 18. Nd2 Ndc3 19. Be3 Rd5 20.
Ba6 Bc5 21. Nb3 Bxe3 22. fxe3 f6 23. Rf4 Ra8 24. Bc4 Re5 25. Rg4 g5 26. Rg3 h5
27. Rf3 Ne4 28. Bd3 Nac3 29. g3 Rb8 30. Nd4 c5 31. Ne2 Nxe2+ 32. Bxe2 Rb2 33.
Bd1 Rd5 34. Rf1 Rdd2 35. Bf3 Nf2 0-1

[Event "MCRE_KT23"]
[Site "?"]
[Date "2006.??.??"]
[Round "?"]
[White "Mindl, Josef"]
[Black "Rotter, Walter"]
[Result "1-0"]
[WhiteElo "1925"]
[BlackElo "2016"]
[PlyCount "79"]
[EventDate "2006.??.??"]
[EventType "corr"]
[EventRounds "2"]
[SourceDate "2006.08.10"]

1. e4 e5 2. Nf3 Nc6 3. Bb5 a6 4. Ba4 Nf6 5. O-O Be7 6. Re1 b5 7. Bb3 O-O 8. h3
d6 9. c3 Na5 10. Bc2 c5 11. d4 Qc7 12. Nbd2 cxd4 13. cxd4 Rd8 14. b3 Nc6 15.
Bb2 exd4 16. Nxd4 Nb4 17. Rc1 Nxa2 18. e5 Nxc1 19. exf6 Bxf6 20. Qxc1 Qd7 21.
Ne4 Be5 22. Qe3 Bb7 23. f4 Bxe4 24. Bxe4 Bxd4 25. Qxd4 Qa7 26. Bxa8 Qxd4+ 27.
Bxd4 Rxa8 28. b4 Rc8 29. Ra1 Rc6 30. f5 g6 31. f6 h5 32. Kf2 d5 33. Ke3 g5 34.
Rf1 Kh7 35. Rf5 Kg6 36. Rxd5 Rc2 37. Kf3 Rd2 38. Rxg5+ Kxg5 39. Be3+ Kxf6 40.
Bxd2 1-0

[Event "MCRE_KT23"]
[Site "?"]
[Date "2006.??.??"]
[Round "?"]
[White "Rotter, Walter"]
[Black "Mindl, Josef"]
[Result "0-1"]
[WhiteElo "2016"]
[BlackElo "1925"]
[PlyCount "80"]
[EventDate "2006.??.??"]
[EventType "corr"]
[EventRounds "2"]
[SourceDate "2006.08.10"]

1. d4 Nf6 2. c4 c5 3. d5 e6 4. Nc3 exd5 5. cxd5 d6 6. e4 g6 7. f4 Bg7 8. Nf3
O-O 9. Be2 Bg4 10. O-O Nbd7 11. h3 Bxf3 12. Bxf3 Re8 13. g4 h6 14. h4 h5 15. g5
Ng4 16. Bxg4 hxg4 17. Re1 c4 18. Be3 Bxc3 19. bxc3 Rxe4 20. Qxg4 Qe7 21. Bf2
Nc5 22. Qg2 Re8 23. Rxe4 Qxe4 24. Bxc5 dxc5 25. Qxe4 Rxe4 26. d6 Kf8 27. f5 Ke8
28. Kg2 Kd7 29. Rh1 Kxd6 30. fxg6 fxg6 31. h5 gxh5 32. Rxh5 b5 33. Kf3 Re1 34.
Rh6+ Ke5 35. g6 Kf6 36. Rh5 b4 37. Rxc5 b3 38. axb3 cxb3 39. Rb5 Rb1 40. Ke2 a5
0-1

[Event "MCRE_KT23"]
[Site "?"]
[Date "2006.??.??"]
[Round "?"]
[White "Tyrlik, Jaroslav"]
[Black "Kyhos, Richard"]
[Result "1-0"]
[WhiteElo "2076"]
[BlackElo "1951"]
[PlyCount "115"]
[EventDate "2006.??.??"]
[EventType "corr"]
[EventRounds "2"]
[SourceDate "2006.08.10"]

1. d4 Nf6 2. Nf3 d5 3. e3 e6 4. c4 Be7 5. cxd5 exd5 6. Bd3 O-O 7. O-O Re8 8.
Qc2 c6 9. Nbd2 Nbd7 10. Re1 Nf8 11. b3 a5 12. Bb2 Bd6 13. Bc3 Bg4 14. Ne5 Bh5
15. a3 Ng4 16. Nxg4 Bxg4 17. b4 a4 18. e4 Bf4 19. e5 Bh5 20. Rab1 Qe7 21. Nf1
Bg6 22. g3 Bxd3 23. Qxd3 Bh6 24. f4 g6 25. Ne3 Qe6 26. Kg2 Nd7 27. f5 gxf5 28.
Nxf5 Bf8 29. Qf3 f6 30. Rb2 Nb6 31. Rbe2 fxe5 32. dxe5 Nc4 33. Nd6 Nxa3 34.
Nxe8 Rxe8 35. Ra1 Nb5 36. Rxa4 Bh6 37. Bb2 Rf8 38. Qb3 Qf5 39. Ra1 Nc7 40. h3
Ne6 41. Qc2 Qf3+ 42. Kh2 Bg7 43. Ra3 Qf1 44. h4 Kh8 45. Ra1 Qf3 46. Ra7 d4 47.
Ra3 Qf1 48. Qe4 Bh6 49. Ra1 Qf3 50. Bc1 Bxc1 51. Rxc1 Qh5 52. Kg2 Qf7 53. Ra1
Kg7 54. Kh2 Rd8 55. Ra7 Rd7 56. Qg2 Qe7 57. Rf2 d3 58. Qf3 1-0

[Event "MCRE_KT23"]
[Site "?"]
[Date "2006.??.??"]
[Round "?"]
[White "Rotter, Walter"]
[Black "Tyrlik, Jaroslav"]
[Result "0-1"]
[WhiteElo "2016"]
[BlackElo "2078"]
[PlyCount "92"]
[EventDate "2006.??.??"]
[EventType "corr"]
[EventRounds "2"]
[SourceDate "2006.08.10"]

1. d4 d5 2. c4 e6 3. Nf3 Nf6 4. Nc3 Nbd7 5. e3 c6 6. Bd3 dxc4 7. Bxc4 Bd6 8.
O-O O-O 9. e4 e5 10. Bg5 Qe7 11. Re1 Rd8 12. d5 h6 13. dxc6 bxc6 14. Bh4 Rb8
15. Rb1 Nf8 16. h3 Ng6 17. Qc2 Nxh4 18. Nxh4 Nh5 19. Nf5 Qg5 20. Ne2 Bc7 21.
Rbd1 Bxf5 22. exf5 Nf6 23. Bb3 Bb6 24. Rf1 Rxd1 25. Rxd1 e4 26. Qc1 Qxf5 27.
Nd4 Qh5 28. Nxc6 Re8 29. Nd4 Qe5 30. Qc4 Kh7 31. Qc3 Nd5 32. Bxd5 Qxd5 33. Rd2
Qe5 34. Nc2 e3 35. Qxe5 exf2+ 36. Kf1 Rxe5 37. Rd1 Rb5 38. Rd2 f5 39. Na1 f4
40. b3 f3 41. g4 Re5 42. Nc2 h5 43. a4 a5 44. Rd6 Bc5 45. Rd3 hxg4 46. hxg4 Re2
0-1

[Event "MCRE_KT23"]
[Site "?"]
[Date "2006.??.??"]
[Round "?"]
[White "Rotter, Walter"]
[Black "Kyhos, Richard"]
[Result "1/2-1/2"]
[WhiteElo "2016"]
[BlackElo "1951"]
[PlyCount "85"]
[EventDate "2006.??.??"]
[EventType "corr"]
[EventRounds "2"]
[SourceDate "2006.08.10"]

1. d4 Nf6 2. c4 e6 3. Nf3 b6 4. g3 Bb7 5. Bg2 Ba6 6. Ne5 c6 7. O-O Qc7 8. Qc2
d6 9. Nd3 Be7 10. b4 O-O 11. a4 Bb7 12. c5 Nbd7 13. cxd6 Qxd6 14. b5 Qxd4 15.
bxc6 Rac8 16. Bb2 Qg4 17. Ba3 Bxa3 18. Rxa3 Ba6 19. a5 Bxd3 20. exd3 Nd5 21. h3
Qh5 22. axb6 axb6 23. Ra7 Ne5 24. c7 Nf3+ 25. Kh1 Nd4 26. Qb2 Nc6 27. Rb7 Ne5
28. g4 Nxg4 29. Qe2 Ndf6 30. Nd2 Qe5 31. Qxe5 Nxe5 32. d4 Nd3 33. Nc4 Ne8 34.
Nxb6 Rxc7 35. Nd7 Rxb7 36. Bxb7 Nd6 37. Nxf8 Kxf8 38. Ba8 g5 39. Kg2 Nf4+ 40.
Kh2 h5 41. d5 Ke7 42. dxe6 fxe6 43. Ra1 1/2-1/2

[Event "MCRE_KT23"]
[Site "?"]
[Date "2006.??.??"]
[Round "?"]
[White "Kyhos, Richard"]
[Black "Rotter, Walter"]
[Result "1/2-1/2"]
[WhiteElo "1951"]
[BlackElo "2016"]
[PlyCount "84"]
[EventDate "2006.??.??"]
[EventType "corr"]
[EventRounds "2"]
[SourceDate "2006.08.10"]

1. d4 Nf6 2. c4 e6 3. Nf3 b6 4. a3 Bb7 5. Nc3 d5 6. cxd5 Nxd5 7. Qc2 Nd7 8.
Nxd5 exd5 9. Bg5 f6 10. Bf4 c5 11. g3 Qe7 12. Bg2 Rc8 13. O-O Qe6 14. Rad1 Be7
15. dxc5 Bxc5 16. Qb3 g5 17. Bc1 O-O 18. e4 Ba6 19. exd5 Qf7 20. Rfe1 Bc4 21.
Qc2 Ne5 22. Nxe5 fxe5 23. Rxe5 Qxf2+ 24. Qxf2 Rxf2 25. Kh1 h6 26. d6 Rd8 27. d7
Re2 28. Bd5+ Kg7 29. Rxg5+ hxg5 30. Bxc4 Re7 31. Bb5 Be3 32. Re1 Bc5 33. Rf1
Be3 34. b4 Bxc1 35. Rxc1 Kf6 36. Rf1+ Ke6 37. Kg2 a6 38. Bc6 Kd6 39. Rf6+ Kc7
40. b5 Re5 41. bxa6 Rc5 42. Bf3 Ra5 1/2-1/2

[Event "MCRE_KT23"]
[Site "?"]
[Date "2006.??.??"]
[Round "?"]
[White "Kyhos, Richard"]
[Black "Chlubna, Josef"]
[Result "1-0"]
[WhiteElo "1951"]
[BlackElo "1646"]
[PlyCount "41"]
[EventDate "2006.??.??"]
[EventType "corr"]
[EventRounds "2"]
[SourceDate "2006.08.10"]

1. d4 d5 2. c4 e6 3. Nc3 Be7 4. Nf3 Nf6 5. Bf4 a6 6. e3 O-O 7. c5 c6 8. Bd3 Re8
9. O-O Nbd7 10. Qc2 b6 11. Ne5 Nxe5 12. dxe5 Bxc5 13. exf6 Qxf6 14. Bxh7+ Kf8
15. Bd3 Ke7 16. Na4 e5 17. Bg3 Qd6 18. b4 Bxb4 19. Nxb6 Rb8 20. Nxc8+ Rbxc8 21.
Bxa6 1-0

[Event "MCRE_KT23"]
[Site "?"]
[Date "2006.??.??"]
[Round "?"]
[White "Chlubna, Josef"]
[Black "Kyhos, Richard"]
[Result "0-1"]
[WhiteElo "1656"]
[BlackElo "1951"]
[PlyCount "28"]
[EventDate "2006.??.??"]
[EventType "corr"]
[EventRounds "2"]
[SourceDate "2006.08.10"]

1. e4 e5 2. Nf3 Nc6 3. d4 exd4 4. Nxd4 Bc5 5. c3 Qh4 6. Qd3 Nf6 7. Nd2 Ng4 8.
g3 Qf6 9. N2f3 Nce5 10. Qe2 Nxf3+ 11. Qxf3 Bxd4 12. Qxg4 Bxc3+ 13. Bd2 Bxd2+
14. Kxd2 Qxb2+ 0-1